000 01526nam a2200313 a 4500
001 BRCA_3191
005 20190320204145.0
008 160209s1716----enka---###---#000-0#eng-u
041 _aeng
044 _aenk
084 _a493
_b.B63
_c1716
100 1 _aCervantes Saavedra, Miguel de
_d1547-1616
_9213
245 1 0 _aThe Much Esteemed History of the Ever-Famous Knight Don Quixote de la Mancha
_bContaining his Many Wonderful Adventures and Atchievements Very Pleasant and Diverting With the Comical Humours of Sancho Pancha his Remarkable Squire Being an Entire History of all the Memorable Transactions
_cMiguel de Cervantes.
260 _aLondres
_bN. y M. Boddington
_c1716
300 _a189 p.
_bil.
_c16 cm.
500 _aContenido : Primera parte. Prefacio. Poesía dirigida al lector inglés. Texto abreviado. Segunda parte. Texto abreviado
500 _aEdición : Illustrated With Cooper Plates
500 _aAbreviación hecha por abreviador anónimo. Piel. Ejemplar dañado Lúdovik Osterc
500 _aEstado físico : Encuadernación desprendida. Anotaciones en la guarda y en la parte posterior una suma
500 _aQM709
546 _aTexto en : inglés
650 1 4 _aNovela española
_yÉpoca clásica, 1500-1700
_9215
650 1 4 _aLiteratura española
_yÉpoca clásica, 1500-1700
_9216
650 1 4 _aNovela española
_ySiglo XVII
_9217
650 1 4 _aDon Quijote (Personaje ficticio)
_eNovela
_9218
740 0 _aEl Ingenioso Hidalgo Don Quijote de la Mancha
902 _aQFM
942 _2lcc
_cB
999 _c2927
_d2927